| 000 | 00550nam a2200241 a 4500 | ||
|---|---|---|---|
| 001 | nice12345678 | ||
| 003 | IN_TiNIC | ||
| 005 | 20260116011653.0 | ||
| 008 | 050524s1943 lona grp 000 0 eng | ||
| 020 |
_a _c100 |
||
| 082 | 0 | 0 |
_a241 _bLEW |
| 100 | _aLewis, C S | ||
| 245 | _aChristian Behaviour | ||
| 260 |
_aLondon _bCentenary Press _c1943 |
||
| 300 | _a64p | ||
| 500 | _aincludes index and biblioraphy | ||
| 505 | 2 | _aIndex | |
| 650 | _aChristian-Ethics | ||
| 700 | 1 | _aLewis, C S | |
| 902 | _bSRS | ||
| 942 | _cBK | ||
| 999 |
_c3284 _d3284 |
||